00505nam a2200181 a 450000100060000000300090000600800410001502000150005604000280007108200190009910000380011824500200015626000360017630000070021249000190021965000450023865000400028321597CO-ViMGA141112s2004 ck r 000 u spa d a8424607783 aCO-ViMGAbspacCO-ViMGA04aI 567.91 P677d1 aPortell, Joan; Aránega, Susanna10aLos dinosaurios aBarcelona : bLa Galera, c1999 a31 aDescubrimos; 814aANIMALES FOSILES - ENSEÑANZA ELEMENTAL14aDINOSAURIOS - ENSEÑANZA ELEMENTAL